Central Library, Doon University
WEBOPAC (ONLINE PUBLIC ACCESS CATALOGUE)

Data Communications and Networking (Record no. 60800)

MARC details
000 -LEADER
fixed length control field 00532nam a22001937a 4500
005 - DATE & TIME
control field 20260514130817.0
008 - FIXED-LENGTH DATA ELEMENTS--GENERAL INFORMATION
fixed length control field 260514b |||||||| |||| 00| 0 eng d
020 ## - ISBN
International Standard Book Number 9789355320940
Price 1020.00
040 ## - CATALOGING SOURCE
Original cataloging agency Doon University
041 ## - Language
Language English
082 ## - DDC NUMBER
Classification number 004.6
Book Number FOR
100 ## - MAIN ENTRY--PERSONAL NAME
Personal name Forouzan, Behrouz A.
245 ## - TITLE STATEMENT
Title Data Communications and Networking
Sub Title : With TCP/IP Protocol Suite
250 ## - EDITION STATEMENT
Edition statement 6th
260 ## - PUBLICATION, DISTRIBUTION, ETC. (IMPRINT)
Place of publication, distribution, etc Chennai
Name of publisher, distributor, etc McGraw Hill Education
Date of publication, distribution, etc 2022
300 ## - PHYSICAL DESCRIPTION
Pages 834
650 ## - Subject
Subject Computer Science (PM (USHA)
942 ## - ADDED ENTRY ELEMENTS (KOHA)
Koha item type Books
650 ## - Subject
-- 26808
952 ## - LOCATION AND ITEM INFORMATION (KOHA)
-- 2026-05-14
952 ## - LOCATION AND ITEM INFORMATION (KOHA)
-- 2026-06-04
952 ## - LOCATION AND ITEM INFORMATION (KOHA)
-- 2026-06-04
Holdings
Withdrawn status Lost status Source of classification or shelving scheme Damaged status Not for loan Location (home branch) Sublocation or collection (holding branch) Date acquired Koha issues (times borrowed) Koha full call number Accession No. Koha date last seen Koha item type
          Doon University Doon University 14.05.2026   004.6 FOR 33158 14.05.2026 Books
        Not For Loan Doon University Doon University 04.06.2026   004.6 FOR 34479 04.06.2026 Reference
          Doon University Doon University 04.06.2026   004.6 FOR 34480 04.06.2026 Books
Contact : +91-135-2533126 (Library),+91-135-2533105 (Admin Office) , Email : doonlibrary@gmail.com

Powered by Koha